| 000 | 00000nam##2200000za#4500 |
| 001 | 9.692841 |
| 003 | CaOODSP |
| 005 | 20210624233409 |
| 007 | cr ||||||||||| |
| 008 | 150407|2009||||xxc|||||o f|0| 0 eng|d |
| 020 | |a978-1-100-14159-6 |
| 040 | |aCaOODSP|beng |
| 043 | |an-cn--- |
| 086 | 1 |aE95-2/10-1-1-2009E-PDF |
| 110 | 1 |aCanada. |bInternational Joint Commission. |
| 245 | 10|aImpacts on Upper Great Lakes water levels - St. Clair River : |h[electronic resource]|bsummary report |
| 260 | |aOttawa - Ontario : |bInternational Joint Commission |cDecember 2009. |
| 300 | |a28p.|bcoloured figs., coloured maps, graphs, photographs |
| 590 | |a12-24-Supp|b2012-05-30 |
| 690 | 07|aWater management|2gcpds |
| 690 | 07|aLakes|2gcpds |
| 775 | 08|tImpacts sur les niveaux d'eau des Grands Lacs d'amont - la rivière Sainte-Claire : |w(CaOODSP)9.637050 |
| 856 | 40|ahttp://publications.gc.ca|qPDF|s3 MB|uhttps://publications.gc.ca/collections/collection_2011/ijc/E95-2-10-1-1-2009-eng.pdf |